| 000 | 00559nam a22001937a 4500 | ||
|---|---|---|---|
| 005 | 20260414091435.0 | ||
| 008 | 260414b |||||||| |||| 00| 0 eng d | ||
| 020 | _a978-93-89347-83-8 | ||
| 050 | _aQ 335 .C493 2025 | ||
| 100 | _aCHANDRA S.S., VINOD | ||
| 245 | _aARTIFICIAL INTELLIGENCE: PRINCIPLES AND APPLICATIONS. | ||
| 250 | _a2ND | ||
| 260 |
_aDELHI, _bPHI LEARNING PRIVATE LIMITED, _c2025 |
||
| 300 | _aXVII, 410 P, ILL | ||
| 500 | _aINCLUDES INDEX. | ||
| 650 | _aARTIFICIAL INTELLIGENCE. | ||
| 700 | _aHAREENDRAN, ANAND. | ||
| 942 |
_2lcc _cBK |
||
| 999 |
_c216936 _d216936 |
||